[Event "Helsingor Xtracon op"]
[Site "Helsingor"]
[Date "2016.07.25"]
[Round "4"]
[White "Skjoldager, Morten"]
[Black "Hansen, Ole Foss"]
[Result "0-1"]
[WhiteElo "1629"]
[BlackElo "1871"]
[PlyCount "52"]
[EventDate "2016.07.23"]
[EventType "swiss"]
[EventRounds "10"]
[EventCountry "DEN"]
[SourceTitle "CBM 173 Extra"]
[Source "ChessBase"]
[SourceDate "2016.08.29"]
[SourceVersion "1"]
[SourceVersionDate "2016.08.29"]
[SourceQuality "1"]

1. e4 Nf6 2. Nc3 e5 3. Nf3 Nc6 4. Bc4 Nxe4 5. Bxf7+ Kxf7 6. Nxe4 d5 7. Ng3 e4 8. Ng1 Bc5 9. d3 Re8 10. dxe4 Be6 11. Qh5+ Kg8 12. Bg5 Qc8 13. 0-0-0 Bg4 14. Qh4 Bxd1 15. Kxd1 Bxf2 16. N1e2 Rxe4 17. Qh5 Re5 18. Rf1 Bc5 19. Rf7 Rxg5 20. Qxg5 Kxf7 21. Nh5 Bf8 22. Nef4 Qd7 23. Nxd5 Rd8 24. Qf4+ Kg8 25. Nhf6+ gxf6 26. Kc1 Qxd5 0-1

[Event "Politiken Cup 36th"]
[Site "Helsingor"]
[Date "2014.07.23"]
[Round "4"]
[White "Olsen, Filip Boe"]
[Black "Hansen, Ole Foss"]
[Result "1/2-1/2"]
[WhiteElo "1937"]
[BlackElo "1766"]
[PlyCount "122"]
[EventDate "2014.07.21"]
[EventType "swiss"]
[EventRounds "10"]
[EventCountry "DEN"]
[SourceTitle "CBM 161 Extra"]
[Source "ChessBase"]
[SourceDate "2014.08.29"]
[SourceVersion "1"]
[SourceVersionDate "2014.08.29"]
[SourceQuality "1"]

1. d4 d5 2. Bf4 Nf6 3. e3 e6 4. c4 b6 5. Nc3 Nbd7 6. Nf3 Bb4 7. Qb3 Bxc3+ 8. Qxc3 0-0 9. Be2 Bb7 10. 0-0 c5 11. dxc5 Ne4 12. Qc2 Ndxc5 13. Rfd1 Qe7 14. b4 Nd7 15. Qb2 Rac8 16. Rac1 f6 17. cxd5 Bxd5 18. Ba6 Rxc1 19. Rxc1 e5 20. Bg3 Nb8 21. Bc4 Qe6 22. Qb3 Rc8 23. Qd3 Kf8 24. Rc2 Nxg3 25. Bxd5 Rxc2 26. Qxc2 Qxd5 27. hxg3 Nc6 28. a3 e4 29. Nd2 f5 30. g4 g6 31. gxf5 gxf5 32. Qc3 Kf7 33. a4 Kg6 34. Nf1 Ne5 35. b5 Ng4 36. Qc6+ Nf6 37. Qc7 Qd7 38. Qc4 Qd6 39. Qd4 Qxd4 40. exd4 Nd5 41. g4 f4 42. Nd2 Nc3 43. Nc4 Nxa4 44. Ne5+ Kf6 45. Nc6 Nc3 46. Nxa7 Ne2+ 47. Kg2 Nxd4 48. Nc8 Nxb5 49. Nxb6 Nd4 50. Nd5+ Kg5 51. Nc3 e3 52. fxe3 fxe3 53. Kg3 e2 54. Kf2 Kxg4 55. Nxe2 Nxe2 56. Kxe2 Kg3 57. Kf1 Kh2 58. Kf2 h5 59. Kf1 h4 60. Kf2 Kh1 61. Kf1 Kh2 1/2-1/2

[Event "Politiken Cup 36th"]
[Site "Helsingor"]
[Date "2014.07.22"]
[Round "3"]
[White "Hansen, Ole Foss"]
[Black "Hviid, Hans Henrik"]
[Result "1-0"]
[WhiteElo "1766"]
[BlackElo "1540"]
[PlyCount "27"]
[EventDate "2014.07.21"]
[EventType "swiss"]
[EventRounds "10"]
[EventCountry "DEN"]
[SourceTitle "CBM 161 Extra"]
[Source "ChessBase"]
[SourceDate "2014.08.29"]
[SourceVersion "1"]
[SourceVersionDate "2014.08.29"]
[SourceQuality "1"]

1. d4 d5 2. c4 dxc4 3. Nf3 b5 4. a4 c6 5. axb5 cxb5 6. e3 Bb7 7. b3 e5 8. Nxe5 Bb4+ 9. Bd2 Bxd2+ 10. Nxd2 cxb3 11. Bxb5+ Ke7 12. Qxb3 Bxg2 13. Qxf7+ Kd6 14. Ndc4# 1-0

[Event "Politiken Cup 35th"]
[Site "Helsingor"]
[Date "2013.08.03"]
[Round "9"]
[White "Hansen, Ole Foss"]
[Black "Szucs, Michell Daniel"]
[Result "1-0"]
[WhiteElo "1779"]
[BlackElo "1504"]
[PlyCount "101"]
[EventDate "2013.07.27"]
[EventType "swiss"]
[EventRounds "10"]
[EventCountry "DEN"]
[SourceTitle "CBM 155 Extra"]
[Source "ChessBase"]
[SourceDate "2013.08.26"]
[SourceVersion "1"]
[SourceVersionDate "2013.08.26"]
[SourceQuality "1"]

1. d4 Nf6 2. c4 e6 3. Nf3 b6 4. g3 Bb7 5. Bg2 Be7 6. 0-0 0-0 7. Nc3 c5 8. d5 exd5 9. Nh4 Qc8 10. Nf5 Re8 11. Nb5 Qc6 12. Bf4 Na6 13. Qd3 Nb4 14. Qe3 Bd8 15. Qd2 Ne4 16. Qc1 a6 17. Nbd6 Nxd6 18. Nxd6 Rxe2 19. Re1 Rxe1+ 20. Qxe1 Bf6 21. Qe2 g5 22. Be5 Qc7 23. f4 h6 24. a3 Nc6 25. cxd5 Nxe5 26. fxe5 Bg7 27. Rf1 Rf8 28. Qe4 f6 29. Nxb7 Qxb7 30. e6 dxe6 31. Qxe6+ Kh8 32. d6 Qf7 33. Qf5 Rd8 34. Rd1 Bf8 35. Bd5 Qd7 36. Be6 Qg7 37. d7 Be7 38. g4 Bf8 39. Qe4 Qe7 40. Qc6 Rb8 41. Kf2 a5 42. Bf5 Qe5 43. d8Q Rxd8 44. Rxd8 Qxb2+ 45. Ke1 Qa1+ 46. Ke2 Qe5+ 47. Qe4 Qxh2+ 48. Kd3 Qg3+ 49. Kc4 b5+ 50. Kxb5 Qb3+ 51. Kc6 1-0

[Event "Politiken Cup 35th"]
[Site "Helsingor"]
[Date "2013.07.27"]
[Round "1"]
[White "Hansen, Ole Foss"]
[Black "Heedt, Thorsten"]
[Result "0-1"]
[WhiteElo "1779"]
[BlackElo "2173"]
[PlyCount "68"]
[EventDate "2013.07.27"]
[EventType "swiss"]
[EventRounds "10"]
[EventCountry "DEN"]
[SourceTitle "CBM 155 Extra"]
[Source "ChessBase"]
[SourceDate "2013.08.26"]
[SourceVersion "1"]
[SourceVersionDate "2013.08.26"]
[SourceQuality "1"]

1. d4 Nf6 2. c4 e6 3. Nc3 d5 4. Bg5 Be7 5. e3 Nbd7 6. Nf3 0-0 7. Rc1 b6 8. cxd5 exd5 9. Qa4 a6 10. Qc6 Ra7 11. Nxd5 Nxd5 12. Qxd5 Bb7 13. Bxe7 Qxe7 14. Qb3 Bxf3 15. gxf3 c5 16. dxc5 bxc5 17. f4 Rb8 18. Qc3 Rab7 19. Rg1 g6 20. b3 Rb4 21. Bc4 Re8 22. Rg5 Rb6 23. Qd3 Kg7 24. Bxa6 Ra8 25. Bb5 Nf6 26. Rgxc5 Rxa2 27. Qc4 Qb7 28. Bc6 Qc8 29. Ba4 Qg4 30. Rc2 Rd6 31. Qe2 Qg1+ 32. Qf1 Rd1+ 33. Kxd1 Qxf1+ 34. Kd2 Ne4# 0-1